000 00672nam a2200217Ia 4500
005 20250326144110.0
008 250326s9999 xx 000 0 und d
020 _a1-84064-808-2
037 _aTextbook
040 _aFMSL
_beng
_cFMSL
041 _aeng
_2eng
084 _aX8(A)9B.49B P5
_qFMSL
100 _aHarvie C Ed.
_9749024
245 0 _aSustaining growth and performance in East Asia
_cHarvie C And Others Ed.
260 _aUnited Kingdom
_bUnited Kingdom, Edward Elgar
_c2005
300 _axix,372
365 _b577409.79399999999
650 _aOrganization Behaviour
_9748785
942 _cTB
_hX8(A)9B.49B P5
999 _c1302350
_d1302350